Statistics for Biggest Christian Cities

Click here to take the quiz!

General Stats

  • This quiz has been taken 407 times
  • The average score is 18 of 24

Answer Stats

Pop.City% Correct
22.2 milNew York City
98%
14.5 milLondon
95%
17.7 milLos Angeles
93%
22.3 milMexico City
93%
11.3 milParis
91%
12.7 milRio de Janeiro
90%
21.9 milSão Paulo
90%
17.1 milMoscow
88%
16.0 milBuenos Aires
85%
9.80 milChicago
83%
9.50 milBogotá
79%
10.8 milLima
76%
24.1 milManila
74%
7.15 milSantiago
74%
7.70 milSan Francisco
70%
17.6 milLagos
69%
6.75 milDallas
68%
13.1 milJohannesburg
68%
7.20 milToronto
66%
8.40 milWashington
62%
10.9 milKinshasa
58%
7.55 milBoston
55%
7.35 milPhiladelphia
51%
7.45 milLuanda
34%

Score Distribution

Percentile by Number Answered

Percent of People with Each Score

Your Score History

You have not taken this quiz